000 00448cam a22001217a 4500
008 180718b1965 xxu||||| |||| 00| 0 eng d
082 _aW4x42 Un3
245 _aResearch on road traffic
_cby Department of Scientific and Industrial Research, United Kingdom
260 _aLondon
_bHer Majesty's Stationery Office
_c1965
300 _a505+p.
650 _aTraffic engineering.
700 _aUnited Kingdom. Department of Scientific and Industrial Research
999 _c411472
_d411472